Name the Taylor Swift Album - Statistics

General Stats
  • This quiz has been taken 514 times
  • The average score is 105 of 168
Answer Stats
Answer % Correct
Red
96%
folklore
93%
Lover
92%
Fearless
89%
Lover
89%
Red
89%
1989
88%
evermore
88%
Lover
88%
reputation
88%
reputation
87%
folklore
86%
Taylor Swift
86%
1989
85%
Red(Taylor's Version)
85%
Speak Now
85%
Lover
84%
evermore
83%
Speak Now
83%
Taylor Swift
83%
evermore
82%
Lover
82%
Speak Now
81%
1989
80%
Fearless
80%
Lover
80%
Speak Now
80%
1989
79%
Speak Now
79%
Taylor Swift
79%
Taylor Swift
79%
folklore
78%
reputation
78%
1989
77%
1989
77%
Fearless
77%
folklore
77%
Lover
77%
Lover
77%
1989
76%
evermore
76%
evermore
76%
Fearless
76%
Red
76%
Speak Now
76%
Taylor Swift
76%
evermore
75%
Lover
75%
Red
75%
evermore
74%
reputation
74%
Taylor Swift
74%
folklore
73%
folklore
73%
folklore
73%
Red
73%
reputation
73%
Speak Now
73%
1989
72%
1989
72%
Fearless
72%
reputation
72%
1989
71%
evermore
71%
evermore
71%
Lover
70%
reputation
70%
reputation
70%
Taylor Swift
70%
evermore
69%
Fearless
69%
Red
69%
Red
69%
Speak Now
69%
evermore
68%
Fearless
68%
1989
67%
Fearless(Taylor's Version)
67%
reputation
67%
Speak Now
67%
1989
66%
1989
66%
Speak Now
66%
1989
65%
folklore
65%
Lover
65%
Red
65%
Speak Now
65%
Lover
64%
Lover
64%
Red
64%
Fearless
63%
Fearless
62%
Red(Taylor's Version)
62%
Taylor Swift
62%
evermore
61%
folklore
61%
Red
61%
Red(Taylor's Version)
61%
Taylor Swift
60%
evermore
59%
Fearless
59%
Red(Taylor's Version)
59%
reputation
59%
evermore
58%
folklore
58%
folklore
58%
evermore
57%
Speak Now
57%
Red(Taylor's Version)
56%
reputation
56%
reputation
56%
evermore
55%
Fearless
54%
Red(Taylor's Version)
53%
evermore
52%
Fearless
52%
Fearless
52%
folklore
52%
Red
52%
Red
52%
reputation
52%
folklore
51%
Red(Taylor's Version)
51%
1989
50%
Fearless
50%
Speak Now
50%
Taylor Swift
50%
folklore
49%
Speak Now
49%
Taylor Swift
49%
Red
47%
Taylor Swift
47%
folklore
46%
Lover
46%
reputation
46%
Speak Now
46%
Fearless
44%
Fearless(Taylor's Version)
44%
Fearless(Taylor's Version)
44%
Lover
44%
Red
44%
Fearless(Taylor's Version)
43%
Fearless
42%
Speak Now
42%
Speak Now
42%
Fearless
41%
Red
41%
Taylor Swift
39%
folklore
38%
Lover
38%
Red
38%
Red
36%
Red
36%
Taylor Swift
36%
Lover
33%
Lover
32%
reputation
32%
folklore
30%
Red
27%
Red
26%
1989
25%
Red(Taylor's Version)
25%
Fearless
24%
Fearless
23%
Fearless(Taylor's Version)
23%
Red(Taylor's Version)
23%
Fearless(Taylor's Version)
14%
No matching quizzes found
Score Distribution
Percent of People with Each Score
Percentile by Number Answered
Your Score History
You have not taken this quiz